00733cam a2200205 a 450000100100000000500170001000800410002702000150006804000230008308200180010610000380012424500580016226000440022030000210026465000290028565000420031491000340035695201220039099900150051200001006020200929161826.0881011s1986 sp 000 p spa  a843987801X aDO-SdBNPcDLCdDLC a861.64bG216p1 aGarcía Fuentes, Antonio.92503710aPensando en... Andalucia /cAntonio García Fuentes. aJean, España :bElinga Libros,c1986. a153 p. ;c22 cm. 4aPoesía española9631 4aLiteratura españolySIGLO XX925038 aCatalogación por copia / LC 001052708MOaGRbGRcCTd2009-10-03iLF1l0o861.64 G216pp10060-10r2020-06-25w2020-06-25y2ZPréstamo interno c9819d9819